<?xml version="1.0" encoding="UTF-8"?>
<record
    xmlns:xsi="http://www.w3.org/2001/XMLSchema-instance"
    xsi:schemaLocation="http://www.loc.gov/MARC21/slim http://www.loc.gov/standards/marcxml/schema/MARC21slim.xsd"
    xmlns="http://www.loc.gov/MARC21/slim">

  <leader>01198nam a22002417a 4500</leader>
  <datafield tag="010" ind1=" " ind2=" ">
    <subfield code="a">B-231548</subfield>
  </datafield>
  <datafield tag="020" ind1=" " ind2=" ">
    <subfield code="a">8178561751</subfield>
    <subfield code="c">150.00</subfield>
  </datafield>
  <datafield tag="035" ind1=" " ind2=" ">
    <subfield code="a">B-231548</subfield>
  </datafield>
  <datafield tag="037" ind1=" " ind2=" ">
    <subfield code="a">Cen Lib / Ret</subfield>
  </datafield>
  <datafield tag="040" ind1=" " ind2=" ">
    <subfield code="a">DPL</subfield>
    <subfield code="b">PN</subfield>
  </datafield>
  <datafield tag="082" ind1=" " ind2=" ">
    <subfield code="2">250.1</subfield>
    <subfield code="a">&#xA2C;&#xA4D;&#xA30;&#xA39;&#xA2E;</subfield>
  </datafield>
  <datafield tag="100" ind1=" " ind2=" ">
    <subfield code="a">&#xA2C;&#xA4D;&#xA30;&#xA39;&#xA2E; &#xA1C;&#xA17;&#xA26;&#xA40;&#xA38;&#xA3C; &#xA38;&#xA3F;&#xA70;&#xA18; </subfield>
    <subfield code="9">131837</subfield>
  </datafield>
  <datafield tag="245" ind1=" " ind2=" ">
    <subfield code="a">&#xA38;&#xA70;&#xA24; &#xA15;&#xA2C;&#xA40;&#xA30; :</subfield>
    <subfield code="b">&#xA1C;&#xA40;&#xA35;&#xA28;, &#xA26;&#xA30;&#xA38;&#xA3C;&#xA28; &#xA05;&#xA24;&#xA47; &#xA2C;&#xA3E;&#xA23;&#xA40; /</subfield>
    <subfield code="c">&#xA2C;&#xA4D;&#xA30;&#xA39;&#xA2E; &#xA1C;&#xA17;&#xA26;&#xA40;&#xA38;&#xA3C; &#xA38;&#xA3F;&#xA70;&#xA18; </subfield>
  </datafield>
  <datafield tag="246" ind1=" " ind2=" ">
    <subfield code="a">Sant Kabir : life, philosophy and poetry of sant kabir /</subfield>
    <subfield code="b">Brahm Jagdish Singh </subfield>
  </datafield>
  <datafield tag="260" ind1=" " ind2=" ">
    <subfield code="a">&#xA05;&#xA70;&#xA2E;&#xA4D;&#xA30;&#xA3F;&#xA24;&#xA38;&#xA30; </subfield>
    <subfield code="b">&#xA35;&#xA3E;&#xA30;&#xA3F;&#xA38; &#xA38;&#xA3C;&#xA3E;&#xA39; &#xA2B;&#xA3C;&#xA3E;&#xA09;&#xA21;&#xA47;&#xA38;&#xA3C;&#xA28;  </subfield>
    <subfield code="c">2006</subfield>
  </datafield>
  <datafield tag="270" ind1=" " ind2=" ">
    <subfield code="a">42, &#xA17;&#xA41;&#xA30;&#xA42; &#xA24;&#xA47;&#xA17; &#xA2C;&#xA39;&#xA3E;&#xA26;&#xA30; &#xA28;&#xA17;&#xA30; </subfield>
    <subfield code="b">&#xA05;&#xA70;&#xA2E;&#xA4D;&#xA30;&#xA3F;&#xA24;&#xA38;&#xA30; </subfield>
    <subfield code="e">143002</subfield>
  </datafield>
  <datafield tag="300" ind1=" " ind2=" ">
    <subfield code="a">142p ; </subfield>
    <subfield code="b">24cm</subfield>
  </datafield>
  <datafield tag="650" ind1=" " ind2=" ">
    <subfield code="a">&#xA15;&#xA2C;&#xA40;&#xA30;, - &#xA38;&#xA30;&#xA17;&#xA30;&#xA2E; 15 &#xA38;&#xA26;&#xA40; - &#xA06;&#xA32;&#xA4B;&#xA1A;&#xA28;&#xA3E; &#xA05;&#xA24;&#xA47; &#xA35;&#xA3F;&#xA06;&#xA16;&#xA3F;&#xA06;.</subfield>
    <subfield code="9">131838</subfield>
  </datafield>
  <datafield tag="650" ind1=" " ind2=" ">
    <subfield code="a">Kabir, -- active 15th century -- Criticism and interpretation.</subfield>
    <subfield code="9">23656</subfield>
  </datafield>
  <datafield tag="650" ind1=" " ind2=" ">
    <subfield code="a">Kabir, -- active 15th century </subfield>
    <subfield code="9">23657</subfield>
  </datafield>
  <datafield tag="650" ind1=" " ind2=" ">
    <subfield code="a">&#xA15;&#xA2C;&#xA40;&#xA30;, - &#xA38;&#xA30;&#xA17;&#xA30;&#xA2E;, 15 &#xA38;&#xA26;&#xA40;</subfield>
    <subfield code="9">131839</subfield>
  </datafield>
  <datafield tag="942" ind1=" " ind2=" ">
    <subfield code="2">ddc</subfield>
    <subfield code="c">PN</subfield>
    <subfield code="h">250.1</subfield>
    <subfield code="m">&#xA2C;&#xA4D;&#xA30;&#xA39;&#xA2E;</subfield>
  </datafield>
  <datafield tag="999" ind1=" " ind2=" ">
    <subfield code="c">110825</subfield>
    <subfield code="d">110825</subfield>
  </datafield>
  <datafield tag="952" ind1=" " ind2=" ">
    <subfield code="0">0</subfield>
    <subfield code="1">0</subfield>
    <subfield code="4">0</subfield>
    <subfield code="7">0</subfield>
    <subfield code="a">L</subfield>
    <subfield code="b">L</subfield>
    <subfield code="d">2016-02-09</subfield>
    <subfield code="e">Cen Lib/Ret</subfield>
    <subfield code="g">150.00</subfield>
    <subfield code="l">1</subfield>
    <subfield code="o">250.1 &#xA2C;&#xA4D;&#xA30;&#xA39;&#xA2E;</subfield>
    <subfield code="p">B-231548</subfield>
    <subfield code="r">2021-11-29 00:00:00</subfield>
    <subfield code="s">2021-11-16</subfield>
    <subfield code="t">1</subfield>
    <subfield code="v">150.00</subfield>
    <subfield code="w">2016-02-09</subfield>
    <subfield code="y">PN</subfield>
  </datafield>
</record>
